00325nam a2200109Ia 4500008004100000041000800041082001200049100001800061245009000079260003700169300000900206230511s1967 xx 000 0 und d aeng a348.041 aChitaley S W  aAll India Reporter 1967 Supreme Court All India Reporter 1957 All India Reporter 1957 aNagpurbAll India Reporterc1967 a1200